Photography in mass communication- a shift or decay? (Record no. 1768)

MARC details
000 -LEADER
fixed length control field 00404nam a22001457a 4500
003 - CONTROL NUMBER IDENTIFIER
control field OSt
005 - DATE AND TIME OF LATEST TRANSACTION
control field 20200302161723.0
008 - FIXED-LENGTH DATA ELEMENTS--GENERAL INFORMATION
fixed length control field 171109t xxu||||| |||| 00| 0 eng d
020 ## - INTERNATIONAL STANDARD BOOK NUMBER
International Standard Book Number 9793668412033
040 ## - CATALOGING SOURCE
Transcribing agency MIU
100 ## - MAIN ENTRY--PERSONAL NAME
Personal name Michal Bukowski
9 (RLIN) 2608
245 ## - TITLE STATEMENT
Title Photography in mass communication- a shift or decay?
Statement of responsibility, etc. Michal Bukowski
260 ## - PUBLICATION, DISTRIBUTION, ETC.
Place of publication, distribution, etc. Norderstedt,
Name of publisher, distributor, etc. GRIN Publishing;
Date of publication, distribution, etc. 2010.
942 ## - ADDED ENTRY ELEMENTS (KOHA)
Source of classification or shelving scheme Library of Congress Classification
Koha item type Book
Holdings
Withdrawn status Lost status Source of classification or shelving scheme Damaged status Not for loan Home library Current library Shelving location Date acquired Total Checkouts Full call number Barcode Date last seen Price effective from Koha item type
    Library of Congress Classification     MILA University Central Library MILA University Central Library General Stacks 09/11/2017   P90 .B56 2010 0002552 09/11/2017 09/11/2017 Book
   
  Powered by CD Solutions Sdn Bhd